| 000 | 00508nam a2200157 a 4500 | ||
|---|---|---|---|
| 001 | 000031897 | ||
| 005 | 20200930063250.0 | ||
| 008 | 110707s2003 dr a 000 0 spa d | ||
| 040 |
_aDO-SdBNP _bspa _cBNPHU |
||
| 082 |
_axxxx _bJ62 |
||
| 245 | 0 | 0 |
_aJoaquín Rosario : _benigmas del tiempo. |
| 260 |
_aSanto Domingo : _bMontmartre Galería de Arte, _c2003. |
||
| 300 |
_a12 p. : _bil. ; _c29 cm. |
||
| 500 | _aExposición presentada en la galería de arte Montmartre del 12-28 de junio del 2003 | ||
| 049 | _aBNPD | ||
| 999 |
_c31388 _d31388 |
||